00462nam a22001577a 450000500170000001000130001702000260003003500130005603700230006908200110009210000170010324500930012026000340021327000380024730000190028520211109114002.0 aB-741826 a9788180549748c435.00 aB-741826 bSultan Chand /Gift a346.07 aKapoor, N.D. aElements of mercantile law :cby N.D. Kapoorbincluding company law and industrial law / aNew DelhibSultan Chandc2013 a23, Daryaganj,bNew Delhie110002 avp.c24cm(pbk)